| 000 | 00364nam a2200133Ia 4500 | ||
|---|---|---|---|
| 008 | 181023s9999 xx 000 0 und d | ||
| 020 | _a9781259587399 | ||
| 100 | _aHecht, Eugene. | ||
| 245 |
_cEugen Hecht.-- _aSchaum's outlines college physics / |
||
| 250 | _a12th ed | ||
| 260 |
_aNew York : _bMcGraw Hill _c2018 |
||
| 300 | _ax, 576 pages. | ||
| 650 | _aPhysics. | ||
| 999 |
_c359383 _d359383 |
||